Normal view
MARC view
- الحسيني ، احمد حماد/ م مشارك اميل شنودة دميان
Entry Personal Name
001 - CONTROL NUMBER
- control field: 24709
003 - CONTROL NUMBER IDENTIFIER
- control field: JO-AjAnu
005 - DATE AND TIME OF LATEST TRANSACTION
- control field: 20230606074231.0
008 - FIXED-LENGTH DATA ELEMENTS
- fixed length control field: 230606|| aca||aabn | a|a d
040 ## - CATALOGING SOURCE
- Original cataloging agency: JO-AjAnu
- Transcribing agency: JO-AjAnu
100 ## - HEADING--PERSONAL NAME
- Personal name: الحسيني ، احمد حماد/ م مشارك اميل شنودة دميان
670 ## - SOURCE DATA FOUND
- Source citation: Work cat.: (JO-AjAnu)12711: الحسيني ، احمد حماد/ م مشارك اميل شنودة دميان, author, بيولوجية الحيوان العملية باللغتين العربية والانجليزيه الضفدعة، ج1